La crítica de Theodor W. Adorno al revisionismo neofreudiano /
Se explora la crítica que desarrolla Theodor W. Adorno a las tendencias del psicoanálisis que configuran el "revisionismo neofreudiano", representadas fundamentalmente por los intentos teóricos de Erich Fromm y Karen Horney, de fundar una "revolución del psicoanálisis". Para esto...
Đã lưu trong:
| Tác giả chính: | |
|---|---|
| Định dạng: | Texto |
| Những chủ đề: | |
| Các nhãn: |
Thêm thẻ
Không có thẻ, Là người đầu tiên thẻ bản ghi này!
|
MARC
| LEADER | 00000 a a2200000 04500 | ||
|---|---|---|---|
| 001 | 42419 | ||
| 003 | |||
| 040 | |||
| 100 | |a Fallas Vargas, Fabrizio | ||
| 245 | |a La crítica de Theodor W. Adorno al revisionismo neofreudiano / |c Fabrizio Fallas Vargas | ||
| 520 | |a Se explora la crítica que desarrolla Theodor W. Adorno a las tendencias del psicoanálisis que configuran el "revisionismo neofreudiano", representadas fundamentalmente por los intentos teóricos de Erich Fromm y Karen Horney, de fundar una "revolución del psicoanálisis". Para esto, se indaga la recepción que hace el joven Adorno de Freud, y su despliegue como miembro del Instituto de Investigación Social de Frankfurt. Asimismo se valoran los alcances del autodenominado "neopsicoanálisis" y su capacidad para la penetración crítica de la organización de la existencia en la sociedad contemporánea. | ||
| 590 | |a EFU/DICIEMBRE2011 | ||
| 650 | |a 1.PSICOANALISIS | ||
| 650 | |a 2.TEORIA CRITICA | ||
| 650 | |a 3.MARXISMO | ||
| 650 | |a 4.TEORIA | ||
| 650 | |a 5.FILOSOFIA | ||
| 773 | |g volumen43, número109 (2005), páginas 65-75 | ||
| 999 | |c 19870 |d 19870 | ||
